000 00416nam a2200181Ia 4500
001 4745
005 20260306145818.0
008 260306t2005||||xx |||||||||||||| ||spa||
041 _aESP
082 _a330.015195
_bM28
100 _aMateo Mateo, Mª del Carmen
_eAUT
245 0 _aEconometría texto
260 _c2005
300 _apágs. :
_ccm.
650 _aGEN
654 _aCAN
942 _cLIB
_dJUS
_fJUS
_2ddc
_n
999 _c4745
_d4745